header

Belfast (Record no. 118102)

MARC details
000 -LEADER
fixed length control field 01667nam a2200421 a 4500
082 04 - DEWEY DECIMAL CLASSIFICATION NUMBER
Classification number 303.609416/70904
100 1# - MAIN ENTRY--AUTHOR NAME
Personal name Shirlow, Peter.
245 10 - TITLE STATEMENT
Title Belfast
260 ## - PUBLICATION, DISTRIBUTION, ETC. (IMPRINT)
Place of publication London ;
-- Ann Arbor :
Name of publisher Pluto,
Year of publication 2006.
300 ## - PHYSICAL DESCRIPTION
Number of Pages viii, 202 p. :
Other physical details ill., maps.
490 1# - SERIES STATEMENT
Series statement Contemporary Irish studies
650 #0 - SUBJECT ADDED ENTRY--TOPICAL TERM
Topical Term Segregation
Topical Term Violence
Topical Term Social conflict
700 1# - ADDED ENTRY--PERSONAL NAME
Personal name Murtagh, Brendan.
856 40 - ELECTRONIC LOCATION AND ACCESS
Uniform Resource Identifier http://site.ebrary.com/lib/rucke/Doc?id=10480027

No items available.

© 2026 Rongo University
Contact us: librarian | system librarian | Rongo university